000 00919nam a22002175i 4500
001 162365
003 ES-MaACL
005 20230906212515.0
008 041108s1892 fr |||| | fre d
040 _aCAM
_bspa
_cCAM
100 1 _aPoincaré, Henri.
_992751
245 1 0 _aThermodynamique
_b: leçons professées pendant le premier semestre 1888-1889 /
_cpar H. Poincaré ; rédigées par J. Blondin.
260 _aParis :
_bGauthier-Villars, imprimeur-libraire,
_c1892 (
_eTours :
_fImprimerie Deslis Frères)
300 _aXIX, 432 p. ;
_c25 cm.
490 1 _aCours de la Faculté des Sciences de Paris. Cours de physique mathématique
650 4 _aTermodinámica.
_917486
700 1 _aBlondin, Jules.
_929551
830 0 _aCours de la Faculté des Sciences de Paris. Cours de physique mathématique
_9188390
852 _aES-MaACL
_jG-6287
_z-- Enc. hol., conservando la cub. original
999 _c162365
_d162365